| 000 | 00676nam a22002537a 4500 | ||
|---|---|---|---|
| 003 | UA-OsUOA | ||
| 001 | 23457 | ||
| 007 | ta | ||
| 008 | 20040121b un ||||| |||| 00| 0 ukr d | ||
| 100 | _aЛитвиненко О.В. | ||
| 090 |
_a355.40 _bЛ64 |
||
| 942 | _cBK | ||
| 040 |
_aUA-OsUOA _bukr _cUA-OsUOA _dUA-OsUOA |
||
| 245 |
_aІнформаційні впливи та операції. Теоретико-аналітичні нариси _bМонографія |
||
| 300 | _a240 с. | ||
| 955 | _a0 | ||
| 041 | _aukr | ||
| 080 | _a355.40 | ||
| 020 | _a966-554-051-3 | ||
| 260 |
_aКиїв _bНІСД _c2003 |
||
| 044 | _aUA | ||
| 650 | 7 | _2UDC | |
| 999 |
_c309705 _d309705 |
||